Výročná správa o činnosti Ekonomickej univerzity v Bratislave za rok 2013

Gespeichert in:
Bibliographische Detailangaben
Körperschaft: Ekonomická univerzita v Bratislave
Format: Buch
Sprache:Slowakisch
Veröffentlicht: Bratislava [Vydavateľstvo EKONÓM] 2014
Schlagworte:
Tags: Tag hinzufügen
Keine Tags, Fügen Sie das erste Tag hinzu!

MARC

LEADER 00000nam$a2200000$$$4500
001 0193122
005 20240318130051.3
041 0 |a slo 
044 |a SK 
245 1 0 |a Výročná správa o činnosti Ekonomickej univerzity v Bratislave za rok 2013 
264 1 |a Bratislava  |b [Vydavateľstvo EKONÓM]  |c 2014 
300 |a 130 s. 
610 2 0 |a univerzity 
610 2 0 |a školy vysoké 
610 2 0 |a vzdelávanie vysokoškolské 
610 2 0 |a štruktúra organizačná 
610 2 0 |a učitelia 
610 2 0 |a zamestnanci 
610 2 0 |a študenti 
610 2 0 |a predpisy 
610 2 0 |a odbory študijné 
610 2 0 |a aktivita pracovná 
610 2 0 |a aktivita spoločenská 
610 2 0 |a hospodárenie finančné 
110 2 |a Ekonomická univerzita v Bratislave